Vainqueurs du trophée Kopa - Statistiques

Statistiques générales
  • Ce quiz a été pris 152 fois
    112 depuis la dernière actualisation
  • Le résultat moyen est 5 sur 6
Statistiques - réponses
Année Vainqueur % Correct
2024 Lamine Yamal
98%
2018 Kylian Mbappé
92%
2021 Pedri
83%
2022 Gavi
82%
2023 Jude Bellingham
78%
2019 Matthijs De Ligt
39%
Aucun quiz correspondant
Distribution des résultats
% des personnes avec chaque résultat
Percentile par nombre de réponses
Votre historique - résultats
Vous n’avez pas pris ce quiz depuis la dernière actualisation